Loading...
| History - World History | 2 | 6 | 0 | 0 | 90 | 18 | 71.38 | 3 | 8 |
| Beliefs | 0 | 8 | 1 | 2 | 75 | 77 | 109.50 | 3 | 8 |
| Fine Arts - Other Arts | 1 | 4 | 0 | 0 | 55 | 74 | 110.80 | 1 | 5 |
| History - European History | 3 | 1 | 1 | 0 | 50 | 30 | 52.00 | 3 | 4 |
| History - Other History | 1 | 3 | 0 | 0 | 45 | 53 | 83.25 | 3 | 4 |
| Science - Biology | 2 | 1 | 1 | 0 | 35 | 35 | 52.33 | 3 | 3 |
| Literature - European Literature | 0 | 2 | 0 | 0 | 20 | 91 | 116.50 | 0 | 2 |
| Geography | 0 | 2 | 0 | 0 | 20 | 82 | 90.00 | 0 | 2 |
| History - American History | 0 | 3 | 2 | 0 | 20 | 83 | 102.67 | 1 | 3 |
| History - Ancient History | 0 | 2 | 1 | 0 | 15 | 115 | 123.00 | 0 | 2 |
| Visual Arts | 1 | 0 | 0 | 0 | 15 | 75 | 75.00 | 1 | 1 |
| Philosophy | 0 | 1 | 0 | 0 | 10 | 91 | 91.00 | 1 | 1 |
| Science - Chemistry | 0 | 1 | 0 | 0 | 10 | 94 | 94.00 | 0 | 1 |
| Other Academic | 0 | 1 | 0 | 0 | 10 | 80 | 80.00 | 1 | 1 |
| Social Science | 0 | 1 | 2 | 0 | 0 | 78 | 78.00 | 1 | 1 |
| Literature - World Literature | 0 | 1 | 2 | 0 | 0 | 123 | 123.00 | 0 | 1 |
| Science - Other Science | 0 | 0 | 1 | 0 | -5 | 0.00 | 0 | 0 |